| 000 | 01382cam a22004094i 4500 | ||
|---|---|---|---|
| 003 | PE-LiUPU | ||
| 005 | 20250731172928.0 | ||
| 008 | 150617s1991 r 000 0 eng d | ||
| 035 | _a(Sirsi) a204181 | ||
| 040 |
_aPE-LiUPU _bspa _cPE-LiUPU _erda |
||
| 049 | _aPRUA | ||
| 082 | 0 | 4 |
_a220.13 _bT48 _221 |
| 100 | 1 |
_aThompson , Alden, _eautor. |
|
| 245 | 1 | 0 |
_aInspiration : _bHard questions, honest answer / _cAlden Thompson. |
| 264 | 1 |
_aU.S.A : _bHerald, _c1991. |
|
| 300 |
_a332 páginas ; _c20 centímetros. |
||
| 336 |
_atext _2rdacontent |
||
| 337 |
_aunmediated _2rdamedia |
||
| 338 |
_avolume _2rdacarrier |
||
| 505 | 0 | _aDocuments -- Adventism's classic statements on inspiration -- Theory -- Practical approach -- A vision, fire in the bones, a great idea -- Ilustrations -- Results -- Appendices. | |
| 526 | _aSEG42 | ||
| 526 | _aSEG41 | ||
| 526 | _aSEG40 | ||
| 526 | _aSEG39 | ||
| 526 | _aP94 | ||
| 526 | _aP87 | ||
| 526 | _aP86 | ||
| 526 | _aP85 | ||
| 526 | _aP77 | ||
| 526 | _aP76 | ||
| 526 | _aP35 | ||
| 942 |
_2ddc _cBOOK |
||
| 994 |
_aC0 _bPEPRU |
||
| 596 | _a1 | ||
| 999 |
_a220.13 T48 _wLC _c20555 _i76041 _f2021-11-9 _g4 _lCCODEBUL1 _mBUL _p10.00 _r0 _sY _tBOOK _u2017-5-31 _xTEOLOGIA _PP85 _0DONACION _o.STAFF. Colección Teología _d20555 |
||
| 980 |
_81 _gALBERTO SANCHEZ Responsable de Automatización |
||